000 00583nam a22001697a 4500
020 _qHard Cover.
082 _a200
100 _aSami, Abdus,
245 _aGovernor Control of Hydro Power System Using Fuzzy PID Controller /
_cAbdus Sami
260 _aIslamabad :
_bPNEC - NUST,
_c2013
300 _a52 p. : ill. ;
_c30cm.
650 _aMS-. Electrical Engineering
_923567
700 _aSupervisor; Dr. Muhammad Bilal Qadri.
_9127298
856 _uhttp://10.250.8.41:8080/xmlui/handle/123456789/41228
942 _2ddc
_cSC
999 _c535400
_d535400